Globalizácia a jej vplyv na kvalitu života

Definície globalizácie, jej výhody a nevýhody. Index globalizácie KOF. Pojem kvalita života. Meranie ukazovateľov kvality života pomocou indexov, modelov merania atď. Index ľudského rozvoja (HDI) kombinuje ukazovatele priemernej dĺžky života, vzdelania a príjmov. Zložky indexu ľudského rozvoja. Šta...

Celý popis

Uložené v:
Podrobná bibliografia
Hlavný autor: Strhár, Pavol
Ďalší autori: Cehlárová, Michaela
Médium: Kapitola
Jazyk:Slovak
Predmet:
Tagy: Pridať tag
Žiadne tagy, Buďte prvý, kto otaguje tento záznam!

MARC

LEADER 00000nla a2200000 4500
001 0181213
005 20240502073116.0
041 0 |a slo 
044 |a SK 
245 1 0 |a Globalizácia a jej vplyv na kvalitu života  |c Pavol Strhár, Michaela Cehlárová 
520 |a Definície globalizácie, jej výhody a nevýhody. Index globalizácie KOF. Pojem kvalita života. Meranie ukazovateľov kvality života pomocou indexov, modelov merania atď. Index ľudského rozvoja (HDI) kombinuje ukazovatele priemernej dĺžky života, vzdelania a príjmov. Zložky indexu ľudského rozvoja. Štatistické metódy korelácie a vzájomná závislosť indexu KOF a indexu HDI. 
610 2 0 |a globalizácia 
610 2 0 |a kvalita života 
610 2 0 |a pojmy 
610 2 0 |a indexy 
610 2 0 |a index rozvoja ľudského 
610 2 0 |a metódy štatistické 
610 2 0 |a korelácia 
100 1 |a Strhár, Pavol 
700 1 |a Cehlárová, Michaela